• 首页
  • 本馆介绍
  • 公告通知
  • 最新文献
  • 馆藏检索
  • 电子资源
  • 读者导购
  • 参考咨询
  • 我的图书馆
  • 登录
  • 详细信息显示
  • 放入我的书架
  • 预约/预借图书
  • 作者相关作品
  • 分类相关作品
  • 丛书相关作品
  • 出版社相关作品

书目信息

  • 表格格式
  • 工作单格式
  • 卡片格式
题名:
农业经济与管理
    
 
作者: ;全国高等教育自学考试指导委员会组 编
分册:  
出版信息: 北京   经济科学出版社  1998
页数: 477页
开本: 20cm
丛书名:
单 册:
中图分类: F30
科图分类:
主题词: 农业经济学
电子资源:
ISBN: 7-5058-1406-0
000 00872nam0 2200217 450
001 0634707625
005 20061012094036.64
010    @a7-5058-1406-0@dCNY16.50
100    @a20061012d1998 km y0chiy0120 ea
101 0  @achi
102    @aCN@b110000
200 1  @a农业经济与管理@Anong ye jing ji yu guan li@e附农业经济与管理自学考试大纲@f全国高等教育自学考试指导委员会组编@Fquan guo gao deng jiao yu zi xue kao shi zhi dao wei yuan hui zu bian
210    @a北京@c经济科学出版社@d1998
215    @a477页@d20cm
300    @a全国高等教育自学考试农业推广专业教材
517 1  @a附农业经济与管理自学考试大纲@Afu nong ye jing ji yu guan li zi xue kao shi da gang
606 0  @a农业经济学
690    @aF30@v3
711  0 @a全国高等教育自学考试指导委员会组@Aquan guo gao deng jiao yu zi xue kao shi zhi dao wei yuan hui zu@4编
801  0 @aCN@bPFT@c20061012
905    @a10447@dF30@e16
    
    农业经济与管理:附农业经济与管理自学考试大纲/全国高等教育自学考试指导委员会组编.-北京:经济科学出版社,1998
    477页;20cm
    全国高等教育自学考试农业推广专业教材
    
    ISBN 7-5058-1406-0:CNY16.50
    
●
相关链接 在E读中查询图书 在五车中查询图书 在当当中查询图书 在豆瓣中查询图书


正题名:农业经济与管理     索取号:F30/16         预约/预借

序号 登录号 条形码 馆藏地/架位号 状态 备注
1 0501747   205017471   密集书库/ [索取号:F30/16] 在馆    
唐山师范学院图书馆 欢迎您!
大连网信软件有限公司© 版权所有